01159nam a2200193Ia 4500001001000000003001000010008004100020040002500061041001200086100001200098245006400110250001100174260008200185300003000267500026200297501011400559520026200673650003000935L220-4148IT-CnALBA170116s9999||||xx |||||||||||||| ||und|| aIT-CnALBAcIT-CnALBA aLATINO  aAA. VV. 0aBIBLIORUM SACRORUM IUXTA VULGATAM CLEMENTINAM NOVA EDITIO.  a1a ed. aMILANObHOEPLI ULRICO EDITORE c1914 [1° Ed.:1914 - Ed.Ling.Originale: 1914] a1172 p. (prefazione: 510) aFORNITA DI CONCORDANZE E CON L'INDICAZIONE DEI BRANI PER LE VERITÀ FONDAMENTALI DELLA FEDE E ADIBITI ALL'USO DELLA LITURGIA ROMANA. CURATORE LUIGI GRAMATICA. SIGLE USATE. PENTATEUCO. LIBRI STORICI. SAPIENZIALI O POETICI E PROFETICI. PROFETI MAGGIORI E MIN aSocietà San Paolo EM - Piazza San Paolo, 14 - 12051 ALBA (CN) (non commercial uses only) ® Copyright 2017 aFORNITA DI CONCORDANZE E CON L'INDICAZIONE DEI BRANI PER LE VERITÀ FONDAMENTALI DELLA FEDE E ADIBITI ALL'USO DELLA LITURGIA ROMANA. CURATORE LUIGI GRAMATICA. SIGLE USATE. PENTATEUCO. LIBRI STORICI. SAPIENZIALI O POETICI E PROFETICI. PROFETI MAGGIORI E MIN aBIBBIA - TESTI E COMMENTI